[Event "SRB-chT 2nd League West"]
[Site "Kragujevac"]
[Date "2019.10.03"]
[Round "6.5"]
[White "Naskovic, Filip"]
[Black "Jakovljevic, Branislav"]
[Result "1-0"]
[WhiteElo "2187"]
[BlackElo "2056"]
[PlyCount "90"]
[EventDate "2019.09.06"]
[EventType "team-tourn"]
[EventRounds "11"]
[EventCountry "SRB"]
[SourceTitle "EXT 2020"]
[Source "ChessBase"]
[SourceDate "2019.10.17"]
[SourceVersion "1"]
[SourceVersionDate "2019.10.17"]
[SourceQuality "1"]
[WhiteTeam "Ivanjica"]
[BlackTeam "Loznica"]
[WhiteTeamCountry "SRB"]
[BlackTeamCountry "SRB"]

1. e4 c5 2. c3 d5 3. exd5 Qxd5 4. d4 Nf6 5. Nf3 Bg4 6. Be2 cxd4 7. cxd4 e6 8. 0-0 Nc6 9. h3 Bh5 10. Nc3 Qa5 11. Qb3 Qb4 12. Nb5 Nd5 13. Bc4 Bxf3 14. gxf3 0-0-0 15. Bg5 Be7 16. Be3 a6 17. Nc3 Nb6 18. Bxe6+ fxe6 19. Qxe6+ Kb8 20. d5 Rd6 21. Qe4 Rg6+ 22. Kh1 Na5 23. Rg1 Nac4 24. a3 Qxb2 25. Bd4 Bf6 26. Qf4+ Ka8 27. Rab1 Qd2 28. Qxd2 Nxd2 29. Bxb6 Bxc3 30. Rxg6 hxg6 31. Rc1 Rxh3+ 32. Kg2 Rxf3 33. d6 Rd3 34. d7 Rxd7 35. Rxc3 Kb8 36. Re3 Rc7 37. Bxc7+ Kxc7 38. Re7+ Kc6 39. Rxg7 Nc4 40. Rxg6+ Kc5 41. Rg3 b5 42. Kf1 a5 43. Ke2 Kd4 44. Kd1 Kc5 45. Kc2 Nd6 1-0

[Event "SRB-chT 2nd League West"]
[Site "Kragujevac"]
[Date "2019.09.08"]
[Round "5.6"]
[White "Vizlina, Branisa"]
[Black "Naskovic, Filip"]
[Result "0-1"]
[WhiteElo "1994"]
[BlackElo "2187"]
[PlyCount "88"]
[EventDate "2019.09.06"]
[EventType "team-tourn"]
[EventRounds "11"]
[EventCountry "SRB"]
[SourceTitle "EXT 2020"]
[Source "ChessBase"]
[SourceDate "2019.10.17"]
[SourceVersion "1"]
[SourceVersionDate "2019.10.17"]
[SourceQuality "1"]
[WhiteTeam "Prijepolje Priko"]
[BlackTeam "Ivanjica"]
[WhiteTeamCountry "SRB"]
[BlackTeamCountry "SRB"]

1. e4 c5 2. Nf3 e6 3. c3 Nf6 4. Qa4 Be7 5. e5 Nd5 6. Qg4 0-0 7. d4 f5 8. Qg3 Nc6 9. Bc4 cxd4 10. Bxd5 exd5 11. Nxd4 Nxd4 12. cxd4 Qb6 13. Qd3 d6 14. 0-0 dxe5 15. dxe5 Be6 16. Nc3 d4 17. Ne2 Rad8 18. Nf4 Bf7 19. Re1 g5 20. Ne2 f4 21. b3 Bg6 22. Qc4+ Kg7 23. Bb2 d3 24. Nd4 Rc8 25. Qd5 Kh6 26. Qd7 Bc5 27. Qh3+ Kg7 28. Ne6+ Kg8 29. Nxf8 Bxf2+ 30. Kh1 Rxf8 31. Red1 Be3 32. e6 Qc6 33. Qh6 Qc7 34. Qxg5 Rf5 35. Qg4 Qc2 36. Ba3 f3 37. gxf3 Rg5 38. Qh3 Bf5 39. Qf1 Bf4 40. Qg1 Qe2 41. Rf1 Rxg1+ 42. Rxg1+ Bg6 43. Rg2 Qxf3 44. Bb4 d2 0-1

[Event "SRB-chT2 West"]
[Site "Arandjelovac"]
[Date "2018.10.06"]
[Round "10.6"]
[White "Djuric, Zoran"]
[Black "Naskovic, Filip"]
[Result "1/2-1/2"]
[WhiteElo "2248"]
[BlackElo "2197"]
[PlyCount "56"]
[EventDate "2018.09.07"]
[EventType "team-tourn"]
[EventRounds "11"]
[EventCountry "SRB"]
[SourceTitle "EXT 2021"]
[Source "ChessBase"]
[SourceDate "2020.10.23"]
[SourceVersion "1"]
[SourceVersionDate "2020.10.23"]
[SourceQuality "1"]
[WhiteTeam "Krupanj"]
[BlackTeam "Ivanjica"]
[WhiteTeamCountry "SRB"]
[BlackTeamCountry "SRB"]

1. e4 c5 2. Nf3 e6 3. c3 Nf6 4. e5 Nd5 5. Bc4 b6 6. Bxd5 exd5 7. 0-0 Be7 8. d4 Bb7 9. Bf4 0-0 10. Re1 d6 11. Nbd2 Nc6 12. Nf1 dxe5 13. Bxe5 Nxe5 14. Nxe5 Bd6 15. Ng3 Qg5 16. Nf3 Qf4 17. Qd2 Qxd2 18. Nxd2 cxd4 19. cxd4 Bb4 20. Red1 Rfc8 21. a3 Bf8 22. Rac1 g6 23. Ndf1 Rxc1 24. Rxc1 Rc8 25. Rxc8 Bxc8 26. Ne3 Bb7 27. f4 f6 28. Kf2 Kf7 1/2-1/2

[Event "SRB-chT2 West"]
[Site "Arandjelovac"]
[Date "2018.10.06"]
[Round "9.1"]
[White "Naskovic, Filip"]
[Black "Savic, Petar A"]
[Result "1/2-1/2"]
[WhiteElo "2197"]
[BlackElo "2104"]
[PlyCount "33"]
[EventDate "2018.09.07"]
[EventType "team-tourn"]
[EventRounds "11"]
[EventCountry "SRB"]
[SourceTitle "EXT 2021"]
[Source "ChessBase"]
[SourceDate "2020.10.23"]
[SourceVersion "1"]
[SourceVersionDate "2020.10.23"]
[SourceQuality "1"]
[WhiteTeam "Ivanjica"]
[BlackTeam "Lipnicki Sor Sloga"]
[WhiteTeamCountry "SRB"]
[BlackTeamCountry "SRB"]

1. e4 d6 2. d4 Nf6 3. Bd3 Nbd7 4. Ne2 e5 5. d5 Be7 6. 0-0 0-0 7. f3 c6 8. c4 cxd5 9. cxd5 Nc5 10. Bc2 a6 11. Nbc3 b5 12. Be3 b4 13. Na4 Bb7 14. Rf2 Rc8 15. Ng3 g6 16. Qd2 Nfd7 17. Bh6 1/2-1/2

[Event "SRB-chT2 West"]
[Site "Arandjelovac"]
[Date "2018.09.07"]
[Round "1.4"]
[White "Naskovic, Filip"]
[Black "Jovanovic, Obrad"]
[Result "1-0"]
[WhiteElo "2197"]
[BlackElo "2077"]
[PlyCount "65"]
[EventDate "2018.09.07"]
[EventType "team-tourn"]
[EventRounds "11"]
[EventCountry "SRB"]
[SourceTitle "EXT 2021"]
[Source "ChessBase"]
[SourceDate "2020.10.23"]
[SourceVersion "1"]
[SourceVersionDate "2020.10.23"]
[SourceQuality "1"]
[WhiteTeam "Ivanjica"]
[BlackTeam "Aleksandrovac Zupa"]
[WhiteTeamCountry "SRB"]
[BlackTeamCountry "SRB"]

1. e4 c5 2. c3 d5 3. exd5 Qxd5 4. d4 Nc6 5. Nf3 Nf6 6. Na3 cxd4 7. Nb5 Qd8 8. Nbxd4 Nxd4 9. Qxd4 Qxd4 10. Nxd4 a6 11. Be2 e5 12. Nf3 Bd6 13. 0-0 0-0 14. Rd1 Bc7 15. Bg5 Ne4 16. Bh4 Be6 17. Bd3 Nc5 18. Bc2 f6 19. b4 Nd7 20. Bb3 Bxb3 21. Rxd7 Ba4 22. Rxc7 Bc6 23. Ne1 Rfd8 24. f3 Rd2 25. a4 Rad8 26. b5 Bd5 27. c4 Be6 28. Rxb7 Bxc4 29. Rc1 Bd5 30. Ra7 axb5 31. axb5 g5 32. Bf2 Bf7 33. b6 1-0

[Event "SRB-chT3 West CS"]
[Site "Serbia"]
[Date "2011.09.25"]
[Round "3"]
[White "Naskovic, Filip"]
[Black "Demirovic, Omar"]
[Result "1/2-1/2"]
[WhiteElo "2234"]
[BlackElo "2109"]
[PlyCount "43"]
[EventDate "2011.09.11"]
[EventType "team-tourn"]
[EventRounds "11"]
[EventCountry "SRB"]
[SourceTitle "EXT 2015"]
[Source "ChessBase"]
[SourceDate "2014.11.20"]
[SourceVersion "1"]
[SourceVersionDate "2014.11.20"]
[SourceQuality "1"]

1. e4 c6 2. d4 d5 3. exd5 cxd5 4. c4 e6 5. Nc3 Nf6 6. Nf3 Be7 7. Bd3 Nc6 8. 0-0 h6 9. h3 0-0 10. Bf4 a6 11. Re1 dxc4 12. Bxc4 b5 13. Bb3 Bb7 14. Rc1 Nb4 15. a3 Nbd5 16. Be5 Rc8 17. Qd2 Nxc3 18. Rxc3 Rxc3 19. Qxc3 Nd5 20. Qd3 Bf6 21. Bg3 Ne7 22. Rd1 1/2-1/2

[Event "Serbia-chT central"]
[Site "Golubac"]
[Date "2003.??.??"]
[Round "?"]
[White "Grujic, Nebojsa"]
[Black "Naskovic, Filip"]
[Result "1-0"]
[WhiteElo "2217"]
[BlackElo "2162"]
[PlyCount "64"]
[EventDate "2003.09.27"]
[EventType "team-tourn"]
[EventRounds "11"]
[EventCountry "YUG"]
[SourceTitle "CBM 096 Extra"]
[Source "ChessBase"]
[SourceDate "2003.10.22"]
[SourceVersion "2"]
[SourceVersionDate "2003.10.20"]
[SourceQuality "1"]

1. d4 Nf6 2. c4 e6 3. Nc3 Bb4 4. f3 d5 5. a3 Bxc3+ 6. bxc3 c6 7. e3 Nbd7 8. cxd5 exd5 9. Bd3 0-0 10. Ne2 Re8 11. 0-0 Nf8 12. Ng3 h5 13. Ra2 h4 14. Nh1 c5 15. Re2 b6 16. Bb2 Ne6 17. Qe1 Nh5 18. Nf2 Ng5 19. Nd1 c4 20. Bb1 Qf6 21. Kh1 Ne6 22. Bc1 Bd7 23. Nf2 Qe7 24. Nh3 Nc7 25. Ng1 f5 26. g3 hxg3 27. hxg3 Qg5 28. Rg2 Kf7 29. Ne2 Rh8 30. Kg1 Qe7 31. e4 Ne6 32. Qd2 g6 1-0

[Event "Serbia-chT central"]
[Site "Golubac"]
[Date "2003.??.??"]
[Round "?"]
[White "Naskovic, Filip"]
[Black "Djoric, Dusan"]
[Result "1/2-1/2"]
[WhiteElo "2162"]
[BlackElo "2320"]
[PlyCount "103"]
[EventDate "2003.09.27"]
[EventType "team-tourn"]
[EventRounds "11"]
[EventCountry "YUG"]
[SourceTitle "CBM 096 Extra"]
[Source "ChessBase"]
[SourceDate "2003.10.22"]
[SourceVersion "2"]
[SourceVersionDate "2003.10.20"]
[SourceQuality "1"]

1. e4 c5 2. c3 e6 3. d4 d5 4. exd5 exd5 5. Nf3 Nf6 6. h3 Bd6 7. Be3 b6 8. Nbd2 0-0 9. Bd3 c4 10. Bc2 Bb7 11. 0-0 Nbd7 12. Re1 Qc7 13. Nh4 g6 14. Qf3 Rfe8 15. Bh6 Bf8 16. Bxf8 Kxf8 17. g3 Kg7 18. Ng2 Ne4 19. Nxe4 dxe4 20. Bxe4 Rxe4 21. Rxe4 Nf6 22. Qf4 Qc6 23. f3 Nxe4 24. fxe4 Qxe4 25. Qxe4 Bxe4 26. Re1 f5 27. Ne3 b5 28. Nf1 Kf6 29. Nd2 Bd5 30. Re5 Rd8 31. Nf1 b4 32. Ne3 Bf7 33. Rb5 bxc3 34. bxc3 Rd6 35. a4 Rb6 36. Rb4 Ke7 37. Kf2 Kd8 38. d5 Rxb4 39. cxb4 Ke7 40. Ke2 Kd6 41. Nxc4+ Kxd5 42. Kd3 g5 43. Ne3+ Ke5 44. b5 f4 45. Ng4+ Kd5 46. gxf4 gxf4 47. a5 Bg6+ 48. Ke2 Kc5 49. b6 axb6 50. axb6 Kxb6 51. Kf3 Kc5 52. Kxf4 1/2-1/2

[Event "Serbia-chT central"]
[Site "Golubac"]
[Date "2003.??.??"]
[Round "?"]
[White "Naskovic, Filip"]
[Black "Skakic, Zeljko"]
[Result "0-1"]
[WhiteElo "2162"]
[BlackElo "2202"]
[PlyCount "52"]
[EventDate "2003.09.27"]
[EventType "team-tourn"]
[EventRounds "11"]
[EventCountry "YUG"]
[SourceTitle "CBM 096 Extra"]
[Source "ChessBase"]
[SourceDate "2003.10.22"]
[SourceVersion "2"]
[SourceVersionDate "2003.10.20"]
[SourceQuality "1"]

1. e4 c6 2. d4 d5 3. exd5 cxd5 4. c4 Nf6 5. Nc3 e6 6. Nf3 Bb4 7. cxd5 Nxd5 8. Qc2 Nc6 9. a3 Be7 10. Bd3 Bf6 11. 0-0 Nde7 12. Be3 Ng6 13. d5 exd5 14. Bxg6 hxg6 15. Bc5 Be6 16. Rfe1 Be7 17. Bxe7 Nxe7 18. Ng5 Qd6 19. g3 0-0 20. Nb5 Qb6 21. Qa4 Nf5 22. Re5 Rfc8 23. Rae1 Rc4 24. Qb3 a6 25. Rxe6 fxe6 26. Rxe6 Qxb5 0-1